Okienko transferowe 2024/25 #2 - Statystyki

Ogólne statystyki
  • Ten quiz został rozwiązany 276 razy
  • Średni wynik to 12 z 15
Statystyki odpowiedzi
Zagadnienie Odpowiedź % Poprawnych
Do jakiego klubu przeniósł się Julián Alvarez w sezonie 2024/25? Atlético Madryt
100%
Do jakiego klubu przeniósł się Endrick w sezonie 2024/25? Real Madryt
100%
Do jakiego klubu przeniósł się Piotr Zieliński w sezonie 2024/25? Inter Mediolan
99%
Do jakiego klubu został wypożyczony Victor Osimhen na sezon 2024/25? Galatasaray
98%
Do jakiego klubu przeniósł się Riccardo Calafiori w sezonie 2024/25? Arsenal Londyn
92%
Do jakiego klubu przeniósł się Conor Gallagher w sezonie 2024/25? Atletico Madryt
92%
Do jakiego klubu przeniósł się João Neves w sezonie 2024/25 za 60,00 mln €? Paris Saint-Germain
90%
Do jakiego klubu przeniósł się Matthijs de Ligt w sezonie 2024/25? Manchester United
85%
Do jakiego klubu przeniósł się Romelu Lukaku w sezonie 2024/25? SSC Napoli
81%
Do jakiego klubu przeniósł się Adam Buksa w sezonie 2024/25? FC Midtjylland
80%
Do jakiego klubu przeniósł się Giorgi Mamardashvili w sezonie 2024/25? Liverpool
80%
Z jakiego klubu Joshua Zirkzee przeszedł do Manchesteru United w sezonie 2024/25? Bologna
73%
Do jakiego klubu przeniósł się Bartlomiej Dragowski w sezonie 2024/25? Panathinaikos
68%
Do jakiego klubu przeniósł się Kiernan Dewsbury-Hall w sezonie 2024/25? Chelsea Londyn
66%
Do jakiego klubu przeniósł się Max Kilman w sezonie 2024/25? West Ham United
35%
Nie znaleziono quizów pasujących do podanych kryteriów
Rozkład punktacji
Procent ludzi z każdym wynikiem
Percentyl według liczby udzielonych odpowiedzi
Twoja historia wyników
Nie rozwiązałeś tego quizu